Evolution of Indian education and disability discourse (Record no. 393793)

MARC details
000 -LEADER
fixed length control field 00532 a2200193 4500
005 - DATE & TIME
control field 20251229111443.0
008 - FIXED-LENGTH DATA ELEMENTS--GENERAL INFORMATION
fixed length control field 251229b |||||||| |||| 00| 0 eng d
020 ## - ISBN
International Standard Book Number 9789349202405
Price Rs. 900.00
040 ## - CATALOGING SOURCE
Original cataloging agency VIVEKANANDA LIBRARY
082 ## - DDC NUMBER
Classification number 371.90954
Book Number Y11E
100 ## - MAIN ENTRY--PERSONAL NAME
Personal name Yadav, Priyanka
245 ## - TITLE STATEMENT
Title Evolution of Indian education and disability discourse
260 ## - PUBLICATION, DISTRIBUTION, ETC. (IMPRINT)
Name of publisher, distributor, etc V R Book International
Date of publication, distribution, etc 2025
Place of publication, distribution, etc New Delhi
300 ## - PHYSICAL DESCRIPTION
Pages xi, 283
650 ## - Subject
Subject Education
650 ## - Subject
Subject Indian Education
650 ## - Subject
Subject Disability Discourse
942 ## - ADDED ENTRY ELEMENTS (KOHA)
Koha item type Books
Holdings
Withdrawn status Lost status Source of classification or shelving scheme Damaged status Not for loan Location (home branch) Sublocation or collection (holding branch) Shelving location Date acquired Koha issues (times borrowed) Koha full call number Accession No. Koha date last seen Koha item type
    Dewey Decimal Classification     VIVEKANANDA LIBRARY VIVEKANANDA LIBRARY Centre for Haryana Studies 03/12/2025   371.90954 Y11E 443424 03/12/2025 Books
    Dewey Decimal Classification     VIVEKANANDA LIBRARY VIVEKANANDA LIBRARY Centre for Disability Studies 03/12/2025   371.90954 Y11E 443425 03/12/2025 Books
    Dewey Decimal Classification     VIVEKANANDA LIBRARY VIVEKANANDA LIBRARY Centre for Disability Studies 03/12/2025   371.90954 Y11E 443422 03/12/2025 Books
    Dewey Decimal Classification     VIVEKANANDA LIBRARY VIVEKANANDA LIBRARY Centre for Disability Studies 03/12/2025   371.90954 Y11E 443423 03/12/2025 Books
© Designed and Maintained by Vivekananda Library, MDU Rohtak